| 000 | 00382nam a22001577a 4500 | ||
|---|---|---|---|
| 003 | SGT | ||
| 020 | _a9789386691422 | ||
| 082 |
_a616.01 _bM17N |
||
| 100 | _a Nagoba BS | ||
| 245 | _aMicrobiology for Dental Students with 555 MCQs | ||
| 250 | _a3RD | ||
| 260 |
_aNEW DELHI _bWolters Kluwer India Pvt Ltd _c2017 |
||
| 300 | _a1-428 | ||
| 650 | _aMicrobiology | ||
| 942 |
_2ddc _cBK _01 |
||
| 999 |
_c20902 _d20902 |
||